000 00814nam a22003130a 4500
001 PT45324
003 AR-LpoUNG
005 20210131231044.0
008 191001s2011||||ag |||||||||||||||||spa d
020 _a9789871728916
_c$12,70
040 _aAR-LpoUNG
_bspa
_cAR-LpoUNG
_eaacr
041 _aspa
044 _aag
082 0 _a808.068 3 435tho
100 1 _aMatt, Fraction
245 1 0 _aThor :
_blos devoradores de mundos
250 _a1§ ed.
260 _aBuenos Aires :
_bOVNI,
_coctubre 2011.
300 _a168 p. :
_bil.
650 4 _aLITERATURA
650 4 _aNOVELAS
651 4 _aDOCUMENTOS TEORICOS O METODOLOGICOS
653 _aHISTORIETAS
653 _aLITERATURA INFANTOJUVENIL
700 1 _aDíaz, Rodrigo
_etr.
700 1 _aFerry, Pascual
_eil.
905 _a45324
942 _cLIB
999 _c7737
_d7737